1139 1941 1269 1026 1483 1945 1187 1758 1507 1579 1754 1959 1209 1198 1953 1685 1391 1640 1150 1998 1940 1288 1933 1776 1570 1556 1715 1586 1584 1806 1396 1629 1115 1449 1936 1900 1387 1001 1234 1759 1132 1127 1829 1773 1498 1950 1068 1681 1847 1449 1576 1657 1537 1282 1436 1574 1355 1416 1414 1597 1766 1806 1123 1017 1617 1753 1816 1155 1068 1123 1478 1072 1398 1017 1677 1724 1159 1276 1015 1252 1761 1825 1415 1929 1417 1988 1749 1729 1548 1958 1359 1667 1210 1801 1237 1858 1058 1575 1663 BCNSPRNW ULIB Ver.6.0+V

เปลี่ยนเป็นภาษาไทย

Change to English
 แสดงรายละเอียดบรรณานุกรม
  กลับหน้าหลัก

Brief Record : Get Marc (ISO 2709) : E-mail record : QR code < ปิดหน้าต่าง
LEADER : 00000nam 2200000uu 4500
001    13399128686
003     ULIB
008    240702s2567||||th 000 0 tha d
020    ^a9786165889223
060    ^aWW290 บ582ภ
100    ^aบุญส่ง วนิชเวชารุ่งเรือง
245    ^aภาพในโรคต้อหิน Ocular Imaging in Glaucoma
250    ^aพิมพ์ครั้งที่ 1
260    ^aกรุงเทพมหานคร :^bสหมิตรพัฒนาการพิมพ์(1992),^c2565
300    ^a340 หน้า^bภาพประกอบ, ตาราง, ภาคผนวก
650    ^aต้อหิน, โรค
650    ^aจักษุวิทยา
945    ^p800^l0^i010462
945    ^p800^l0^i010463
945    ^p800^l0^i010464
945    ^p800^l0^i010465
945    ^p800^l0^i010466
999    ^aประนอม เกษจรัล
รายการนี้ยังไม่มีแท็ก
คุณยังไม่ได้ล็อกอิน คุณสามารถมีกิจกรรมร่วมกับเว็บไซต์ได้ แต่ต้องล็อกอินก่อน ::
  ล็อกอิน

รายการสื่อสารสนเทศ

ลำดับที่ ประเภท เลขเรียก/บาร์โค้ด สถานที่ สถานะ
1. วิทยาศาสตร์การแพทย์ และสุขภาพ
หนังสือสำรอง
สถานะ=หนังสือสำรอง
WW290 บ582ภ ฉ.1 
  Barcode: 010462
ห้องสมุดวิทยาเขตสวรรค์ประชารักษ์
►หนังสือทั่วไป
บนชั้น
2. วิทยาศาสตร์การแพทย์ และสุขภาพ
วิทยาศาสตร์การแพทย์ และสุขภาพ
WW290 บ582ภ ฉ.2 
  Barcode: 010463
ห้องสมุดวิทยาเขตสวรรค์ประชารักษ์
►หนังสือทั่วไป
บนชั้น
3. วิทยาศาสตร์การแพทย์ และสุขภาพ
วิทยาศาสตร์การแพทย์ และสุขภาพ
WW290 บ582ภ ฉ.3 
  Barcode: 010464
ห้องสมุดวิทยาเขตสวรรค์ประชารักษ์
►หนังสือทั่วไป
บนชั้น
4. วิทยาศาสตร์การแพทย์ และสุขภาพ
วิทยาศาสตร์การแพทย์ และสุขภาพ
WW290 บ582ภ ฉ.4 
  Barcode: 010465
ห้องสมุดวิทยาเขตสวรรค์ประชารักษ์
►หนังสือทั่วไป
บนชั้น
5. วิทยาศาสตร์การแพทย์ และสุขภาพ
วิทยาศาสตร์การแพทย์ และสุขภาพ
WW290 บ582ภ ฉ.5 
  Barcode: 010466
ห้องสมุดวิทยาเขตสวรรค์ประชารักษ์
►หนังสือทั่วไป
บนชั้น

รายการใกล้เคียง
    ผู้แต่ง [บุญส่ง วนิชเวชารุ่งเรือง]

    หัวเรื่อง [จักษุวิทยา]

BibComment


ยังไม่เคยถูกคอมเมนท์

คอมเมนท์ทรัพยากรรายการนี้
  คอมเมนท์: ภาพในโรคต้อหิน O..


 Copyright 2026. Bcnsprnw @Library